[Event "Omegna op-B 2nd"]
[Site "Omegna"]
[Date "2014.08.10"]
[Round "5"]
[White "Faraci, Libero"]
[Black "Lantschner, Alexander"]
[Result "1-0"]
[WhiteElo "1713"]
[BlackElo "1562"]
[PlyCount "130"]
[EventDate "2014.08.08"]
[EventType "swiss"]
[EventRounds "5"]
[EventCountry "ITA"]
[SourceTitle "EXT 2015"]
[Source "ChessBase"]
[SourceDate "2014.11.20"]
[SourceVersion "1"]
[SourceVersionDate "2014.11.20"]
[SourceQuality "1"]

1. c4 e5 2. Nc3 Bc5 3. Nf3 d6 4. g3 Nf6 5. Bg2 Nbd7 6. 0-0 0-0 7. d3 a6 8. Bd2 h6 9. Rb1 Rb8 10. b4 Ba7 11. a3 b6 12. a4 Bb7 13. b5 a5 14. Qc2 Rc8 15. e4 c6 16. Be3 cxb5 17. Nxb5 Bb8 18. Qa2 Nc5 19. Bxc5 dxc5 20. Qb3 Rc6 21. Rfd1 Re8 22. Nd2 Re7 23. Nf1 Rd7 24. Ne3 Re6 25. Nd5 Kh8 26. Bh3 Bxd5 27. cxd5 Rb7 28. dxe6 fxe6 29. Qxe6 Rd7 30. Qc4 Re7 31. Nc3 Bc7 32. Nd5 Nxd5 33. Qxd5 Qf8 34. Rf1 Rf7 35. Qb7 Qd6 36. Qd5 Qe7 37. Qe6 Qf8 38. Qc8 Bd8 39. f4 Qd6 40. Qa6 exf4 41. Rxf4 Bf6 42. Qa8+ Rf8 43. Qd5 Qb8 44. Rbf1 Rd8 45. Rxf6 gxf6 46. Qh5 Kg7 47. Bf5 Qe5 48. Qg6+ Kf8 49. Qxh6+ Ke7 50. Qf4 Qd4+ 51. Kg2 Qxd3 52. Qc7+ Kf8 53. Qxb6 Qd2+ 54. Rf2 Qd4 55. Rc2 c4 56. Qxd4 Rxd4 57. Be6 Rxe4 58. Bxc4 Kg7 59. Bb5 Re5 60. Re2 Rc5 61. g4 Kg6 62. Re3 Kg5 63. Rf3 Re5 64. h3 Kh4 65. Rf5 Re4 1-0